[Event "Titled Tuesday intern op 01st Aug Late"]
[Site "Chess.com INT"]
[Date "2023.08.01"]
[Round "6"]
[White "Karaoglan, Doruk"]
[Black "Zierk, Steven C"]
[Result "0-1"]
[WhiteElo "2278"]
[BlackElo "2488"]
[PlyCount "86"]
[EventDate "2023.08.01"]
[EventType "swiss (blitz)"]
[EventRounds "11"]
[EventCountry "USA"]
[SourceTitle "EXT 2024"]
[Source "ChessBase"]
[SourceDate "2023.10.10"]
[SourceVersion "1"]
[SourceVersionDate "2023.10.10"]
[SourceQuality "1"]

1. e4 e6 2. d4 d5 3. Nd2 c5 4. Ngf3 cxd4 5. Nxd4 Nc6 6. Bb5 Bd7 7. Nxc6 bxc6 8. Bd3 Ne7 9. 0-0 Ng6 10. f4 Qc7 11. e5 c5 12. c4 Bc6 13. cxd5 exd5 14. Nf3 Be7 15. Qe1 c4 16. Bxg6 hxg6 17. Nd4 Rb8 18. Qf2 Bd7 19. Be3 Bf5 20. b3 0-0 21. bxc4 dxc4 22. h3 Bd3 23. Rfd1 Rfd8 24. Rac1 Qb7 25. e6 f6 26. f5 g5 27. h4 gxh4 28. Qxh4 Qe4 29. Qxe4 Bxe4 30. Rxc4 Bxf5 31. Nxf5 Rxd1+ 32. Kh2 Rb7 33. Rc8+ Kh7 34. Re8 Re1 35. Kg3 Ba3 36. Kf2 Rd1 37. Nd4 Bc5 38. Nc6 Bxe3+ 39. Kxe3 Re1+ 40. Kd2 Re4 41. Nd8 Rc7 42. Nf7 Kg6 43. Nd6 Rd4+ 0-1

[Event "TUR-chT"]
[Site "Ankara"]
[Date "2023.07.20"]
[Round "11.10"]
[White "Gokerkan, Cem Kaan"]
[Black "Karaoglan, Doruk"]
[Result "1-0"]
[WhiteElo "2516"]
[BlackElo "2247"]
[PlyCount "67"]
[EventDate "2023.07.10"]
[EventType "team-tourn"]
[EventRounds "11"]
[EventCountry "TUR"]
[SourceTitle "EXT 2024"]
[Source "ChessBase"]
[SourceDate "2023.10.10"]
[SourceVersion "1"]
[SourceVersionDate "2023.10.10"]
[SourceQuality "1"]
[WhiteTeam "Gokturk"]
[BlackTeam "Rota Koleji Dernegi"]
[WhiteTeamCountry "TUR"]
[BlackTeamCountry "TUR"]

1. e4 c5 2. c3 Nf6 3. e5 Nd5 4. d4 cxd4 5. Nf3 e6 6. cxd4 b6 7. Nc3 Nxc3 8. bxc3 Qc7 9. Bd2 d6 10. Bd3 Bb7 11. 0-0 Nd7 12. Re1 dxe5 13. Nxe5 Nxe5 14. Rxe5 Bd6 15. Rh5 g6 16. Bb5+ Bc6 17. Qf3 0-0-0 18. Bxc6 gxh5 19. a4 Rhg8 20. a5 Rg7 21. axb6 Qxb6 22. Be4 f5 23. Bd3 Rdg8 24. Bf1 Qb2 25. Qc6+ Bc7 26. Qxe6+ Kb8 27. Qe1 Qb7 28. Rb1 Bb6 29. Bf4+ Kc8 30. Qe6+ Qd7 31. Qc4+ Kd8 32. Rb5 Ke7 33. Rd5 Qb7 34. Qe2+ 1-0

[Event "Titled Tuesday intern op 18th Jul Late"]
[Site "Chess.com INT"]
[Date "2023.07.18"]
[Round "2"]
[White "Jiang, Brandon"]
[Black "Karaoglan, Doruk"]
[Result "0-1"]
[WhiteElo "2187"]
[BlackElo "2247"]
[PlyCount "64"]
[EventDate "2023.07.18"]
[EventType "swiss (blitz)"]
[EventRounds "11"]
[EventCountry "USA"]
[SourceTitle "EXT 2024"]
[Source "ChessBase"]
[SourceDate "2023.10.10"]
[SourceVersion "1"]
[SourceVersionDate "2023.10.10"]
[SourceQuality "1"]

1. e4 c5 2. Nf3 d6 3. Bb5+ Nd7 4. d4 cxd4 5. Qxd4 a6 6. Bxd7+ Bxd7 7. Nc3 e5 8. Qd3 h6 9. Nd2 Rc8 10. Nc4 Be6 11. Ne3 Nf6 12. 0-0 Be7 13. a4 0-0 14. Rd1 Nh5 15. Ned5 Bg5 16. Qf3 g6 17. g4 Bxc1 18. Raxc1 Qg5 19. h3 f5 20. exf5 gxf5 21. Qg2 fxg4 22. hxg4 Bxg4 23. Ne7+ Kh8 24. Nxc8 Nf4 25. Qg3 Nh3+ 26. Kg2 Rxf2+ 27. Qxf2 Nxf2 28. Rg1 Nh3 29. Kh2 Nxg1 30. Rxg1 Qh4+ 31. Kg2 Bxc8 32. Rf1 Bh3+ 0-1

[Event "Titled Tuesday intern op 18th Jul Late"]
[Site "Chess.com INT"]
[Date "2023.07.18"]
[Round "7"]
[White "Karaoglan, Doruk"]
[Black "Glavina, Pablo"]
[Result "1-0"]
[WhiteElo "2247"]
[BlackElo "2415"]
[PlyCount "39"]
[EventDate "2023.07.18"]
[EventType "swiss (blitz)"]
[EventRounds "11"]
[EventCountry "USA"]
[SourceTitle "EXT 2024"]
[Source "ChessBase"]
[SourceDate "2023.10.10"]
[SourceVersion "1"]
[SourceVersionDate "2023.10.10"]
[SourceQuality "1"]

1. e4 c6 2. d4 d5 3. Nc3 dxe4 4. Nxe4 Nf6 5. Nxf6+ exf6 6. c3 Bd6 7. Bd3 0-0 8. Qc2 Re8+ 9. Ne2 Nd7 10. 0-0 h5 11. f4 c5 12. f5 cxd4 13. cxd4 Nb6 14. Nf4 Bxf4 15. Rxf4 Re1+ 16. Kf2 Qe7 17. Be4 Rh1 18. Rh4 Bxf5 19. Qe2 Re8 20. Qxh5 1-0

[Event "Titled Tuesday intern op 18th Jul Late"]
[Site "Chess.com INT"]
[Date "2023.07.18"]
[Round "3"]
[White "Terry, Renato"]
[Black "Karaoglan, Doruk"]
[Result "1-0"]
[WhiteElo "2520"]
[BlackElo "2247"]
[PlyCount "103"]
[EventDate "2023.07.18"]
[EventType "swiss (blitz)"]
[EventRounds "11"]
[EventCountry "USA"]
[SourceTitle "EXT 2024"]
[Source "ChessBase"]
[SourceDate "2023.10.10"]
[SourceVersion "1"]
[SourceVersionDate "2023.10.10"]
[SourceQuality "1"]

1. d4 Nf6 2. Nf3 g6 3. Bg5 Bg7 4. c3 d5 5. Nbd2 0-0 6. e3 c5 7. dxc5 a5 8. a4 Nc6 9. Bb5 Qc7 10. 0-0 e5 11. c4 d4 12. exd4 Nxd4 13. Nxd4 exd4 14. Bxf6 Bxf6 15. Ne4 Bg7 16. Qf3 Be6 17. Rad1 Rad8 18. b3 Bf5 19. Nd6 Bc2 20. Rd2 d3 21. Nxb7 Rd4 22. Rc1 Bh6 23. Rcxc2 dxc2 24. Rxc2 Qxb7 25. c6 Qe7 26. g3 Qe1+ 27. Kg2 Rd1 28. Qe2 Qg1+ 29. Kh3 Re1 30. Qf3 Re5 31. g4 Qf1+ 32. Qg2 Qd3+ 33. f3 f5 34. g5 f4 35. Rd2 Qe3 36. Rd5 Bg7 37. c7 Rxd5 38. cxd5 Qe5 39. Qc2 Rc8 40. Bc4 Kh8 41. Kg4 Rxc7 42. Qd3 h5+ 43. Kh4 Qd6 44. Qd2 Re7 45. Qxa5 Bd4 46. Qa8+ Kh7 47. Qc6 Bf2+ 48. Kh3 Qe5 49. d6 Qf5+ 50. Kg2 Re8 51. Qxe8 Qxg5+ 52. Kxf2 1-0

[Event "TUR-chT"]
[Site "Ankara"]
[Date "2023.07.13"]
[Round "4.2"]
[White "Karaoglan, Doruk"]
[Black "Yurtseven, Melih"]
[Result "1-0"]
[WhiteElo "2247"]
[BlackElo "2329"]
[PlyCount "59"]
[EventDate "2023.07.10"]
[EventType "team-tourn"]
[EventRounds "11"]
[EventCountry "TUR"]
[SourceTitle "EXT 2024"]
[Source "ChessBase"]
[SourceDate "2023.10.10"]
[SourceVersion "1"]
[SourceVersionDate "2023.10.10"]
[SourceQuality "1"]
[WhiteTeam "Rota Koleji Dernegi"]
[BlackTeam "Deniz Su Aquamatch"]
[WhiteTeamCountry "TUR"]
[BlackTeamCountry "TUR"]

1. e4 e5 2. Nf3 Nc6 3. Bc4 Nf6 4. d3 Be7 5. Bb3 0-0 6. c3 d5 7. Nbd2 Re8 8. h3 a5 9. 0-0 h6 10. Re1 dxe4 11. dxe4 Bf8 12. Ba4 Bd7 13. Nc4 Qb8 14. Qb3 Bd6 15. Nxd6 cxd6 16. c4 Be6 17. Qc3 Rc8 18. b3 Na7 19. Qxa5 Bxc4 20. bxc4 Nc6 21. Qb5 Na5 22. Bb3 Nxb3 23. Qxb3 Qc7 24. Ba3 Qxc4 25. Bxd6 Nxe4 26. Bxe5 b5 27. Qe3 Nc3 28. Bxc3 Qxc3 29. Qxc3 Rxc3 30. Reb1 1-0

[Event "EU-Cup Online Gr-F"]
[Site "Tornelo INT"]
[Date "2021.03.27"]
[Round "2.3"]
[White "Karaoglan, Doruk"]
[Black "Druska, Juraj"]
[Result "0-1"]
[WhiteElo "2230"]
[BlackElo "2496"]
[PlyCount "78"]
[EventDate "2021.03.27"]
[EventType "team-tourn (rapid)"]
[EventRounds "9"]
[EventCountry "NET"]
[SourceTitle "CBM 201 Extra"]
[Source "ChessBase"]
[SourceDate "2021.05.31"]
[SourceVersion "1"]
[SourceVersionDate "2021.05.31"]
[SourceQuality "1"]
[WhiteTeam "Apaydin"]
[BlackTeam "Zilina Mladost"]
[WhiteTeamCountry "TUR"]
[BlackTeamCountry "SVK"]

1. e4 c5 2. Nc3 Nc6 3. g3 g6 4. Bg2 Bg7 5. d3 d6 6. f4 e6 7. Nf3 Nge7 8. Be3 Nd4 9. 0-0 0-0 10. e5 Nef5 11. Bf2 Nxf3+ 12. Bxf3 dxe5 13. fxe5 Bxe5 14. Ne4 Bxb2 15. Nxc5 Bd4 16. Nb3 Bxf2+ 17. Rxf2 Rb8 18. d4 b6 19. a4 Bb7 20. c4 Bxf3 21. Rxf3 Rc8 22. Rc3 Qe7 23. g4 Qb4 24. Qd3 Ne7 25. Nd2 Rfd8 26. Ne4 Nc6 27. d5 exd5 28. cxd5 Ne5 29. Rxc8 Nxd3 30. Rxd8+ Kg7 31. Nd6 Qd4+ 32. Kg2 Qb2+ 33. Kh3 Qxa1 34. g5 Qf1+ 35. Kg3 Qf2+ 36. Kh3 Qf3+ 37. Kh4 Qf4+ 38. Kh3 Qf3+ 39. Kh4 Qh5+ 0-1

[Event "EU-ch Online 2300+ Final"]
[Site "Chess.com INT"]
[Date "2020.05.30"]
[Round "8"]
[White "Karaoglan, Doruk"]
[Black "Nikolovski, Nikola"]
[Result "0-1"]
[WhiteElo "2230"]
[BlackElo "2454"]
[PlyCount "100"]
[EventDate "2020.05.30"]
[EventType "swiss"]
[EventRounds "8"]
[EventCountry "NET"]
[SourceTitle "CBM 196 Extra"]
[Source "ChessBase"]
[SourceDate "2020.07.31"]
[SourceVersion "1"]
[SourceVersionDate "2020.07.31"]
[SourceQuality "1"]

1. e4 e6 2. d4 d5 3. Nd2 Nf6 4. e5 Nfd7 5. Bd3 c5 6. c3 Nc6 7. Ngf3 Be7 8. 0-0 a5 9. a4 cxd4 10. cxd4 Nb4 11. Bb1 b6 12. Re1 Ba6 13. Nf1 b5 14. Ng3 h5 15. Ne2 bxa4 16. Nf4 Nb6 17. Nd2 g6 18. b3 Rc8 19. bxa4 g5 20. Ne2 Qc7 21. Nb3 Nc2 22. Bxc2 Qxc2 23. Bd2 Qxd1 24. Raxd1 Nxa4 25. Ra1 Nb2 26. Rxa5 Bc4 27. Nc5 0-0 28. Nd7 Rfd8 29. Nf6+ Bxf6 30. exf6 Bxe2 31. Rxe2 Rc2 32. Ra2 Kh7 33. Kf1 g4 34. Bf4 Rxe2 35. Kxe2 Nc4 36. Ra7 Kg6 37. Be5 Rf8 38. f4 gxf3+ 39. Kxf3 Kf5 40. Bg3 Kxf6 41. Bh4+ Kg6 42. h3 Rb8 43. g4 Rb3+ 44. Kg2 hxg4 45. hxg4 Ne3+ 46. Kg1 Rb1+ 47. Kf2 Nxg4+ 48. Kg3 Nh6 49. Bd8 Nf5+ 50. Kf4 Nxd4 0-1

[Event "EU-ch Online 2300+ Final"]
[Site "Chess.com INT"]
[Date "2020.05.30"]
[Round "4"]
[White "Loeffler, Markus"]
[Black "Karaoglan, Doruk"]
[Result "1-0"]
[WhiteElo "2310"]
[BlackElo "2230"]
[PlyCount "57"]
[EventDate "2020.05.30"]
[EventType "swiss"]
[EventRounds "8"]
[EventCountry "NET"]
[SourceTitle "CBM 196 Extra"]
[Source "ChessBase"]
[SourceDate "2020.07.31"]
[SourceVersion "1"]
[SourceVersionDate "2020.07.31"]
[SourceQuality "1"]

1. e4 c5 2. Nc3 d6 3. Nf3 Nf6 4. d4 cxd4 5. Nxd4 g6 6. Bc4 Bg7 7. f3 0-0 8. Be3 Nc6 9. Bb3 Bd7 10. h4 h5 11. Qd2 Rb8 12. Nxc6 Bxc6 13. Bxa7 Ra8 14. Bd4 b5 15. 0-0 e5 16. Be3 b4 17. Ne2 d5 18. exd5 Nxd5 19. Bg5 Qb6+ 20. Kh1 Rfd8 21. Bxd8 Qxd8 22. g3 e4 23. fxe4 Nf6 24. Qxd8+ Rxd8 25. Rad1 Bxe4+ 26. Kg1 Rc8 27. Rd6 Ng4 28. Rxf7 Rf8 29. Rf4+ 1-0

[Event "EU-ch Online 2300+ Qual"]
[Site "Chess.com INT"]
[Date "2020.05.29"]
[Round "5"]
[White "Karaoglan, Doruk"]
[Black "Sebenik, Matej"]
[Result "0-1"]
[WhiteElo "2230"]
[BlackElo "2498"]
[PlyCount "62"]
[EventDate "2020.05.29"]
[EventType "swiss"]
[EventRounds "8"]
[EventCountry "NET"]
[SourceTitle "CBM 196 Extra"]
[Source "ChessBase"]
[SourceDate "2020.07.31"]
[SourceVersion "1"]
[SourceVersionDate "2020.07.31"]
[SourceQuality "1"]

1. e4 c5 2. Nc3 Nc6 3. g3 g6 4. Bg2 Bg7 5. d3 d6 6. f4 e6 7. Nf3 Nge7 8. 0-0 0-0 9. Be3 b6 10. Bf2 Ba6 11. Qd2 Qd7 12. Rae1 Rad8 13. e5 Qc7 14. Ne4 dxe5 15. fxe5 Nxe5 16. Nxe5 Bxe5 17. Qh6 Nf5 18. Qh3 h5 19. Ng5 Bf6 20. Ne4 Bg7 21. g4 hxg4 22. Qxg4 c4 23. Qh3 cxd3 24. Ng5 Bh6 25. Bd4 Rxd4 26. Rxf5 Bxg5 27. Rxe6 dxc2 28. Rxg6+ fxg6 29. Rxf8+ Kxf8 30. Qh8+ Kf7 31. Qh7+ Kf6 0-1

[Event "EU-ch Online U2300 Final"]
[Site "Chess.com INT"]
[Date "2020.05.26"]
[Round "3"]
[White "Karaoglan, Doruk"]
[Black "Pham, Khoi"]
[Result "1-0"]
[WhiteElo "2230"]
[BlackElo "2048"]
[PlyCount "105"]
[EventDate "2020.05.26"]
[EventType "swiss"]
[EventRounds "8"]
[EventCountry "NET"]
[SourceTitle "CBM 196 Extra"]
[Source "ChessBase"]
[SourceDate "2020.07.31"]
[SourceVersion "1"]
[SourceVersionDate "2020.07.31"]
[SourceQuality "1"]

1. e4 c5 2. Nc3 Nc6 3. g3 g6 4. Bg2 Bg7 5. d3 d6 6. f4 Rb8 7. Nf3 b5 8. 0-0 b4 9. Ne2 Nf6 10. h3 a5 11. Rb1 a4 12. b3 0-0 13. g4 Nd7 14. Qe1 Nd4 15. Nexd4 cxd4 16. f5 Ne5 17. Qh4 Nxf3+ 18. Rxf3 d5 19. exd5 axb3 20. axb3 Bb7 21. Rf1 Bxd5 22. Bxd5 Qxd5 23. fxg6 hxg6 24. Qxe7 Rfe8 25. Qg5 Re5 26. Qf4 Rc8 27. Qf2 Qe6 28. Ra1 Re2 29. Qf3 Rcxc2 30. Ra8+ Kh7 31. Ra7 Qe5 32. Bf4 Qf6 33. Rc7 Rxc7 34. Qxe2 Re7 35. Qf2 Qe6 36. Ra1 Re8 37. Qc2 Bf6 38. Ra7 Kg7 39. Qf2 Qxb3 40. g5 Be7 41. Qxd4+ Kg8 42. Rxe7 Qd1+ 43. Kf2 Qc2+ 44. Kg3 Rxe7 45. Qd8+ Kg7 46. Qxe7 Qxd3+ 47. Be3 b3 48. Qf6+ Kg8 49. Kf2 Qc2+ 50. Kf3 b2 51. Qd8+ Kg7 52. Bd4+ Kh7 53. Qh8# 1-0

[Event "EU-ch Online U2300 Qual"]
[Site "Chess.com INT"]
[Date "2020.05.25"]
[Round "4"]
[White "Karaoglan, Doruk"]
[Black "Eren, Ataberk"]
[Result "0-1"]
[WhiteElo "2230"]
[BlackElo "2321"]
[PlyCount "50"]
[EventDate "2020.05.25"]
[EventType "swiss"]
[EventRounds "8"]
[EventCountry "NET"]
[SourceTitle "EXT 2021"]
[Source "ChessBase"]
[SourceDate "2020.10.23"]
[SourceVersion "1"]
[SourceVersionDate "2020.10.23"]
[SourceQuality "1"]

1. e4 e6 2. d4 d5 3. Nd2 c5 4. Ngf3 cxd4 5. Nxd4 Nf6 6. exd5 a6 7. N2f3 Qxd5 8. Be2 Be7 9. 0-0 0-0 10. Re1 b5 11. Bf1 Bb7 12. b3 Rd8 13. Qe2 Nc6 14. Nxc6 Qxc6 15. Bb2 Rac8 16. c4 bxc4 17. Qxc4 Qb6 18. Qf4 Rc2 19. Bd4 Qa5 20. Rad1 Bxf3 21. Qxf3 Rxd4 22. Rxd4 Qxe1 23. Rd1 Qa5 24. Qa8+ Bf8 25. Rd8 Qc5 0-1

[Event "EU-ch Online U2300 Qual"]
[Site "Chess.com INT"]
[Date "2020.05.25"]
[Round "6"]
[White "Karaoglan, Doruk"]
[Black "Malinovsky, Rostyslav"]
[Result "1-0"]
[WhiteElo "2230"]
[BlackElo "2174"]
[PlyCount "65"]
[EventDate "2020.05.25"]
[EventType "swiss"]
[EventRounds "8"]
[EventCountry "NET"]
[SourceTitle "EXT 2021"]
[Source "ChessBase"]
[SourceDate "2020.10.23"]
[SourceVersion "1"]
[SourceVersionDate "2020.10.23"]
[SourceQuality "1"]

1. e4 c5 2. Nc3 a6 3. g3 b5 4. Bg2 Bb7 5. d3 d6 6. Nh3 g6 7. 0-0 Bg7 8. f4 Nf6 9. e5 Bxg2 10. Kxg2 Nfd7 11. exd6 0-0 12. dxe7 Qxe7 13. Qf3 Nb6 14. Be3 N8d7 15. Rae1 Qd6 16. Ne4 Qc7 17. f5 Ne5 18. Qd1 c4 19. f6 Bh8 20. d4 Rad8 21. Bf4 Rfe8 22. Bxe5 Rxe5 23. dxe5 Rxd1 24. Rxd1 h6 25. e6 Qc6 26. Rd8+ Kh7 27. e7 Qxe4+ 28. Rf3 Bxf6 29. e8Q Qxe8 30. Rxe8 Kg7 31. Rxf6 Kxf6 32. Nf4 b4 33. Rb8 1-0